000 01153nam a22002657a 4500
005 20170124102935.0
010 _aB-049784
020 _c100.00
_a8177140507
035 _aB-049784
037 _bCen Lib/Ret
040 _aDPL
_bHN
082 _a899.171
_bसिपाको
100 _aसिपाकोव, याँका
_946452
245 _aकाला ईश्वर व अन्य कविताएं /
_cयाँका सिपाकोव; अनुवाद वरयम सिंह
246 _aKala ishwar va anya kavitayen /
_bby Yanka Sipakov; anuvad Varyam Singh
260 _aनयी दिल्ली
_bप्रकाशन संसथान
_c2001
270 _a4715/21, दयानंद मार्ग
_bनयी दिल्ली
_e110002
300 _a94पृ.
_c19सेमी (सजिल्द)
650 _aहिन्दी साहित्य
_946453
650 _aकविताएं
_946454
650 _aHindi Literature
_946455
650 _aPoems
_946456
700 _aसिंह, वरयम
_946283
942 _2ddc
_cHN
_h899.171
_mसिपाको
999 _c112232
_d112232